Effectif du RC Vannes - Saison 2024-2025 - Statistiques

Statistiques générales
  • Ce quiz a été pris 74 fois
  • Le résultat moyen est 16 sur 49
Statistiques - réponses
Postes Joueurs Nationalité Points % Correct
demi d'ouverture Maxime Lafage France 23
78%
pilier Mako Vunipola Angleterre 5
74%
demi de mêlée Michael Ruru Nouvelle-zélande -
72%
3ème ligne Francisco Gorrissen Argentine -
54%
demi de mêlée Jules Le Bail France 4
54%
2ème ligne Fabrice Metz France -
50%
centre Francis Saili Nouvelle-zélande 5
50%
pilier Pagakalasio Tafili France -
50%
talonneur Cyril Blanchard France -
48%
centre Robin Taccola France -
48%
ailier Paul Surano France 5
46%
ailier Filipo Nakosi Fidji 5
41%
arrière Gwenaël Duplenne France -
41%
centre Tani Vili France -
41%
demi d'ouverture Thibault Debaes France 11
41%
2ème ligne Eric Marks Allemagne -
39%
ailier Salesi Rayasi Nouvelle-zélande 10
39%
talonneur Théo Béziat France -
39%
pilier Santiago Medrano Argentine -
37%
3ème ligne Sione Kalamafoni Tonga -
37%
pilier thomas Moukoro France 5
37%
centre Alex Arraté France 5
35%
3ème ligne Juan-bautista Pedemonte Argentine -
35%
3ème ligne Léon Boulier France -
35%
talonneur Patrick Leafa Nouvelle-zélande -
33%
3ème ligne Joseph Edwards Nouvelle-zélande -
30%
2ème ligne Anton Bresler Namibie -
28%
ailier Enzo Benmegal France -
28%
centre Iñaki Ayarza Chili -
28%
3ème ligne Kitione Kamikamica Fidji 5
28%
ailier Romaric Camou France 5
28%
pilier Phillip Kité Tonga -
26%
2ème ligne Timothé Mézou France -
26%
pilier Charles-Henri Berguet Belgique -
22%
demi d'ouverture Jean Cotarmanac'h France -
22%
2ème ligne Mattéo Desjeux France -
20%
pilier Simon Bourgeois France -
20%
centre Théo Costossèque France 5
20%
2ème ligne Christiaan Van der merwe Afrique du sud 5
17%
pilier Hugo Djehi France -
17%
ailier Martin Alonso Muñoz Espagne -
17%
ailier Théo Bastardie France -
17%
3ème ligne Karl Chateau France -
13%
centre Sacha Valleau France -
13%
talonneur Louis-marie Suta France -
11%
demi de mêlée Alexandre Gouaux France -
9%
demi d'ouverture Massimo Ortolan France -
9%
3ème ligne Jean-maurice Decubber France -
7%
2ème ligne Matthieu Uhila France -
7%
Aucun quiz correspondant
Distribution des résultats
% des personnes avec chaque résultat
Percentile par nombre de réponses
Votre historique - résultats
Vous n’avez pas pris ce quiz